000 00526nam a2200217Ia 4500
003 OSt
005 20221005131901.0
006 a|||||r|||| 00| 0
007 ta
008 221004b |||||||| |||| 00| 0 eng d
024 _a43570
037 _cTextual
040 _aCRL
_cCRL
_beng
041 _2eng
_aeng
082 _aO:1M61:90R, J2
245 0 _aTagore and the problem of God
260 _c1952
650 _aENGLISH LITERATURE
942 _hO:1M61:90R, J2
_cTEXL
_2cc
999 _c1061731
_d1061731